000 00497nmm a2200169Ia 4500
008 251105s9999||||xx |||||||||||||||||und||
020 _a9788497835107
041 _abaq
100 _aMendiguren Elizegi, Xabier
245 0 _aElvis hil zen urtean
264 _a[Madrid, España] :
_bElkar,
_c[Fecha de publicación no identificada]
300 _a92 páginas
490 _aAteko bandan
650 _aSpanish narrative
856 _uhttps://public.digitaliapublishing.com/a/85332
942 _cCF
999 _c90611
_d90611